000 01797cad a22002415a 4500
001 L141739
008 071217s2007 xxk f 000 0 eng d
035 _a(Sirsi) u141739
041 0 _aeng
050 0 4 _a692.2 $2 18
110 2 _aRoyal Institution of Chartered Surveyors
_94900
245 0 0 _aTowards an energy efficient European building stock
_ban RICS status report on the implementation of Directive 2002/91 on the Energy Performance of Buildings (EPBD) in the EU member states
_h[electronic resource]
260 _aLondon
_bRICS
_c2007
520 _aReviews the implementation of Directive 2002/91/EC in the individual EU member states. For each member state, looks at: adoption and methodology (Art 3); setting of energy performance requirements (Arts 4-6); certification of energy performance of buildings (Art 7); boiler and A/C inspections (Arts 8 and 9); and training of independent experts (Art 10). Reveals most member states have found implementing the directive a significant challenge, with only five full implementations and 20 infringement procedures at the time of publication. Countries such as Denmark, Germany and the Netherlands that already had energy saving measures set up generally found it easier to transform these into the new requirements. Conversely, some of the new member states have struggled due to their inefficient prefabricated building stock.
521 2 _aAdvanced
590 _aKA
650 2 4 _aDIRECTIVE 2002/91/EC
650 2 4 _aRESIDENTIAL ENERGY PERFORMANCE CERTIFICATES
651 4 _aEuropean Union
690 _aENVIRONMENTAL AND LAND CONSULTANCY-ENERGY-ENERGY USE-ENERGY EFFICIENCY
856 4 0 _uhttps://www.rics.org/site/download_feed.aspx?fileID=5311&fileExtension=PDF
_zView the report free of charge at www.rics.org...
942 _n0
999 _c107751
_d107751